000 00927nab a2200253uu 4500
001 14208
003 HDC
007 cr aa aaaau
008 210214p2007 my ||||| |||| 00| 0 eng d
040 _aHDC
100 _aNesaretnam, Kalanithi
_eauthor
_914481
245 0 _aTocotrienol Levels in Adipose Tissue of Benign and Malignant Breast Lumps in Patients in Malaysia / by
_cKalanithi Nesaretnam
260 _aKuala Lumpur :
_bMalaysian Palm Oil Board,
_c2007
300 _a1 online resource (6 pages )
336 _atext
_2rdacontent
337 _acomputer
_2rdamedia
338 _aonline resource
_2rdacarrier
650 _aAdipose Tissue
_914802
650 _aTocotrienol Levels
_914801
856 _zRequest full-text at [email protected]
942 _2lcc
942 _cAR
942 _kJART 003388
999 _c11524
_d11524